The prisoners (Record no. 766)
[ view plain ]
| 000 -BAŞLIK | |
|---|---|
| Sabit Uzunlukta Kontrol Alanı | 00755na a2200265 4500 |
| 001 - KONTROL NUMARASI | |
| Denetim Alanı | 15993 |
| 003 - KONTROL NUMARASI IDENTIFIER | |
| Denetim Alanı | MIRAKIL |
| 005 - SON İŞLEM TARİHİ VE ZAMANI | |
| Denetim Alanı | 20181213154800.0 |
| 008 - SABİT-BOY VERİ ELEMANLARI - GENEL BİLGİLER | |
| Sabit Uzunlukta Kontrol Alanı | 161001b tu 000 0 |
| 020 ## - ULUSLARARASI STANDART KİTAP NUMARASI | |
| Uluslararası Standart Kitap Numarası | 9759275805 |
| 035 ## - SİSTEM KONTROL NUMARASI | |
| Sistem Kontrol Numarası | 15993 |
| 040 ## - KATALOGLAMA KAYNAK | |
| Orijinal Kataloglama Ajansı | Milas |
| Kataloglama Dili | tur |
| Metne Dönüştürmek Ajansı | TR-AnCHP |
| 041 ## - DİL KODU | |
| Metin / Ses Parça Veya Ayrı Başlığın Dil Kodu | eng |
| 082 ## - DEWEY ONLU SINIFLANDIRMA NUMARASI | |
| Sınıflandırma Numarası | 813.42 |
| Ürün Numarası | O63y [200?] |
| 090 ## - SINIFLAMA NUMARASI | |
| Sınıflama Numarası | 813.42 O63y [200?] |
| 100 ## - ANA GİRİŞ - KİŞİSEL İSİM | |
| Kişisel Ad | Orhan Kemal |
| Bir Adıyla İlişkilendirilen Tarihler | 1914-1970 |
| 240 ## - ÜNİFORM BAŞLIK | |
| Üniforma Başlık | <a href="72. koğuş">72. koğuş</a> |
| 245 ## - BAŞLIK TABLOSU | |
| Başlık | The prisoners |
| Başlığın Kalan | a novella |
| Sorumluluk Tablosu, Vb | Orhan Kemal ; translated by Cengiz Lugal |
| 246 ## - UNVAN FORM VARYING | |
| Başlık Doğru / Kısa Başlığı | Yetmişikinci koğuş |
| 260 ## - YAYIN, DAĞITIM, VB | |
| Yayın, Dağıtım, Vb Yeri | İstanbul |
| Yayıncı, Dağıtıcı, Vs Adı | Anatolia publishing |
| Yayın, Dağıtım, Vb Tarihi | [200?] |
| 300 ## - FİZİKSEL TANIM | |
| Kapsam | 126 s. |
| Boyutlar | 19 sm. |
| 650 ## - KONU KATMA GİRİŞ - TOPİKAL DÖNEM | |
| Topikal Süreli Veya Coğrafi Ad Giriş Elemanı | Türk edebiyatı |
| Genel Alt Bölümü | Roman |
| Kronolojik Alt Bölümü | İngilizceye çeviriler |
| 942 ## - EKLENDİ GİRİŞ ELEMANLARI (KOHA) | |
| Sınıflandırma Veya Raf Düzeni Kaynak | Dewey Decimal Classification |
| Koha Öğesi Türü | Books |
| 999 ## - SİSTEM KONTROL NUMARALARI (KOHA) | |
| Koha Biblionumber | 766 |
| Koha Biblioitemnumber | 766 |
| 657 ## - INDEX SÜRE - İŞLEVİ | |
| -- | Hükümlü edebiyatçılar |
| Kalıcı Konum | Mevcut Konum | Edinme Tarihi | Edinim Kaynak | Toplam Check-Out'Lar | Tam Çağrı Numarası | Barkod | Tarih Son Görülme | İtibaren Geçerli Fiyatlar | Koha Öğesi Türü |
|---|---|---|---|---|---|---|---|---|---|
| CHP Kütüphanesi | CHP Kütüphanesi | 09/28/2016 | Bağış | 813.42 O63y [200?] | 004279 | 09/28/2016 | 09/28/2016 | Books |
